Skip to main content
Your cart is empty.
Your lists
Log in to create your own lists
Your cookies
العربية
English
العربية
Home
Search
Advanced search
Authority search
About
The noble scholar, jurist, historian
His Excellency Dr. Abdul Wahhab bin Ibrahim Abu Sulaiman, may Allah have mercy on him.
He was born in Umm Al-Qura in the year 1356 AH.
Library catalog
Title
Author
Subject
ISBN
ISSN
Series
Call number
Log in to your account
×
Login:
Password:
Home
MARC view: الوسيط في المذهب /
Normal view
MARC view
ISBD view
الوسيط في المذهب / (Record no. 5010)
[
view plain
]
MARC details
000 -LEADER
fixed length control field
02112cam a22003611i 4500
003 - CONTROL NUMBER IDENTIFIER
control field
SA-RiAUC
005 - DATE AND TIME OF LATEST TRANSACTION
control field
20250120074552.0
008 - FIXED-LENGTH DATA ELEMENTS--GENERAL INFORMATION
fixed length control field
250120s1997 ua g 000k0 ara c
020 ## - INTERNATIONAL STANDARD BOOK NUMBER
International Standard Book Number
9775147735
040 ## - CATALOGING SOURCE
Original cataloging agency
SA-RiAUC
Language of cataloging
ara
Transcribing agency
SA-RiAUC
Description conventions
rda
082 04 - DEWEY DECIMAL CLASSIFICATION NUMBER
Classification number
258.3
Assigning agency
SA-RiAUC
090 ## - LOCALLY ASSIGNED LC-TYPE CALL NUMBER (OCLC); LOCAL CALL NUMBER (RLIN)
Classification number (OCLC) (R) ; Classification number, CALL (RLIN) (NR)
258.3
Local cutter number (OCLC) ; Book number/undivided call number, CALL (RLIN)
غ ز ا
100 1# - MAIN ENTRY--PERSONAL NAME
Personal name
الغزالي، محمد بن محمد بن محمد،
Titles and words associated with a name
حجة الإسلام،
Dates associated with a name
450-505 هجري
Relator term
مؤلف.
245 12 - TITLE STATEMENT
Title
الوسيط في المذهب /
Statement of responsibility, etc.
محمد بن محمد بن محمد أبو حامد الغزالي ؛ تحقيق وتعليق أحمد محمود إبراهيم. وبهامشه التنقيح في شرح الوسيط / محي الدين بن شرف النووي. شرح مشكل الوسيط / أبو عمرو عثمان بن الصلاح. شرح مشكلات الوسيط / موفق الدين حمزة الحموي. تعليق موجزة على الوسيط / إبراهيم بن عبدالله بن أبي الدم.
250 ## - EDITION STATEMENT
Edition statement
الطبعة الأولى.
264 #1 - PRODUCTION, PUBLICATION, DISTRIBUTION, MANUFACTURE, AND COPYRIGHT NOTICE
Place of production, publication, distribution, manufacture
القاهرة :
Name of producer, publisher, distributor, manufacturer
دار السلام للطباعة والنشر والتوزيع،
Date of production, publication, distribution, manufacture, or copyright notice
1997
300 ## - PHYSICAL DESCRIPTION
Extent
7 مجلد ؛
Dimensions
24 سم
336 ## - CONTENT TYPE
Content type term
نص
Content type code
txt
Source
rdacontent
Materials specified
كتاب
337 ## - MEDIA TYPE
Media type term
بدون وسيط
Media type code
n
Source
rdamedia
338 ## - CARRIER TYPE
Carrier type term
مجلد
Carrier type code
nc
Source
rdacarrier
650 #7 - SUBJECT ADDED ENTRY--TOPICAL TERM
Topical term or geographic name entry element
الفقه الشافعي
Source of heading or term
aucsh
700 1# - ADDED ENTRY--PERSONAL NAME
Personal name
إبراهيم، أحمد محمود
Relator term
محقق.
700 12 - ADDED ENTRY--PERSONAL NAME
Personal name
النووي، يحيى بن شرف بن مري،
Dates associated with a name
631-676 هجري
700 12 - ADDED ENTRY--PERSONAL NAME
Personal name
ابن الصلاح، عثمان بن عبد الرحمن بن عثمان،
Dates associated with a name
577-643 هجري
700 02 - ADDED ENTRY--PERSONAL NAME
Personal name
حمزة بن يوسف بن سعيد،
Dates associated with a name
توفي 670 هجري
Title of a work
شرح مشكلات الوسيط.
700 12 - ADDED ENTRY--PERSONAL NAME
Personal name
ابن أبي الدم، إبراهيم بن عبد الله بن عبد المنعم،
Dates associated with a name
583-642 هجري
740 22 - ADDED ENTRY--UNCONTROLLED RELATED/ANALYTICAL TITLE
Uncontrolled related/analytical title
التنقيح في شرح الوسيط.
740 02 - ADDED ENTRY--UNCONTROLLED RELATED/ANALYTICAL TITLE
Uncontrolled related/analytical title
شرح مشكل الوسيط.
740 02 - ADDED ENTRY--UNCONTROLLED RELATED/ANALYTICAL TITLE
Uncontrolled related/analytical title
شرح مشكلات الوسيط.
740 02 - ADDED ENTRY--UNCONTROLLED RELATED/ANALYTICAL TITLE
Uncontrolled related/analytical title
تعليق موجزة على الوسيط.
942 ## - ADDED ENTRY ELEMENTS (KOHA)
Source of classification or shelving scheme
Dewey Decimal Classification
Koha item type
Books
949 ## - LOCAL PROCESSING INFORMATION (OCLC)
a
SA-JeALM
d
250120
u
khaled123
n
1
Holdings
Withdrawn status
Lost status
Source of classification or shelving scheme
Materials specified (bound volume or other part)
Damaged status
Not for loan
Home library
Current library
Date acquired
Total checkouts
Full call number
Barcode
Date last seen
Price effective from
Koha item type
Dewey Decimal Classification
المجلد الاول
DR AbdElwahab Library
DR AbdElwahab Library
01/20/2025
258.3 غ ز ا
000007974
01/20/2025
01/20/2025
Books
Dewey Decimal Classification
المجلد الثاني
DR AbdElwahab Library
DR AbdElwahab Library
01/20/2025
258.3 غ ز ا
000007975
01/20/2025
01/20/2025
Books
Dewey Decimal Classification
المجلد الثالث
DR AbdElwahab Library
DR AbdElwahab Library
01/20/2025
258.3 غ ز ا
000007976
01/20/2025
01/20/2025
Books
Dewey Decimal Classification
المجلد الرابع
DR AbdElwahab Library
DR AbdElwahab Library
01/20/2025
258.3 غ ز ا
000007977
01/20/2025
01/20/2025
Books
Dewey Decimal Classification
المجلد الخامس
DR AbdElwahab Library
DR AbdElwahab Library
01/20/2025
258.3 غ ز ا
000007978
01/20/2025
01/20/2025
Books
Dewey Decimal Classification
المجلد السادس
DR AbdElwahab Library
DR AbdElwahab Library
01/20/2025
258.3 غ ز ا
000007979
01/20/2025
01/20/2025
Books
Dewey Decimal Classification
المجلد السابع
DR AbdElwahab Library
DR AbdElwahab Library
01/20/2025
258.3 غ ز ا
000007980
01/20/2025
01/20/2025
Books
Place hold
Print
Add to your cart
(remove)
Save record
BIBTEX
Dublin Core
MARCXML
MARC (non-Unicode/MARC-8)
MARC (Unicode/UTF-8)
MARC (Unicode/UTF-8, Standard)
MODS (XML)
RIS
ISBD
More searches
Search for this title in:
Other Libraries (WorldCat)
Other Databases (Google Scholar)
Online Stores (Bookfinder.com)
Open Library (openlibrary.org)
Exporting to Dublin Core...
×
Simple DC-RDF
OAI-DC
SRW-DC